• 首页
  • 本馆介绍
  • 公告通知
  • 最新文献
  • 馆藏检索
  • 电子资源
  • 读者导购
  • 参考咨询
  • 我的图书馆
  • 登录
  • 详细信息显示
  • 放入我的书架
  • 预约/预借图书
  • 作者相关作品
  • 分类相关作品
  • 丛书相关作品
  • 出版社相关作品

书目信息

  • 表格格式
  • 工作单格式
  • 卡片格式
题名:
金属工艺学
    
 
作者: 邓文英 主编
分册: 下册  
出版信息: 北京   高等教育出版社  1982
页数: 125页
开本: 26cm
丛书名:
单 册:
中图分类: TG-43
科图分类:
主题词: 金属--工艺学
电子资源:
ISBN: 978-7-04-001493-8
000 00638nam0 2200229 450
001 012010087318
005 20130220052255.0
010    @a978-7-04-001493-8@dCNY1.45
010    @a978-1-5010-·031-2@dCNY1.45
100    @a20130219d1982 e my0chiy0120 ea
101 0  @achi
102    @aCN@b110000
105    @ay z 000yy
106    @ar
200 1  @a金属工艺学@9Jin Shu;Zhu Gong Yi Xue @f邓文英主编@h下册
210    @a北京@c高等教育出版社@d1982
215    @a125页@d26cm
606 0  @a金属@x工艺学
690    @aTG-43@v4
701  0 @a邓文英@9deng wen ying@4主编
801  0 @aCN@bAzMarc@c20130904
905    @aBZT@dTG-43@e5:2@f1@sTG-43/5:2
    
    金属工艺学/邓文英主编.下册.-北京:高等教育出版社,1982
    125页;26cm
    
    
    ISBN 978-7-04-001493-8:CNY1.45
    
●
相关链接 在五车中查询图书 在当当中查询图书 在豆瓣中查询图书


正题名:金属工艺学     索取号:TG-43/5:2         预约/预借

序号 登录号 条形码 馆藏地/架位号 状态 备注
1 2000088347   2000088347   旧书回溯/ [索取号:TG-43/5:2] 在馆    
山东省滨州职业学院图书馆 欢迎您!
大连网信软件有限公司© 版权所有